ნორმალური ფორმატი
MARC ფორმატი
ჩანაწერი Personal Name
ჩანაწერთა რაოდენობა, რომელიც გამოყენებულია: 3
001 - CONTROL NUMBER
- control field: 25595
003 - CONTROL NUMBER IDENTIFIER
- control field: GE_BSU
005 - DATE AND TIME OF LATEST TRANSACTION
- control field: 20250702112205.0
008 - FIXED-LENGTH DATA ELEMENTS
- fixed length control field: 250702|| aca||aabn | a|a d
040 ## - CATALOGING SOURCE
- Original cataloging agency: GE_BSU
- Transcribing agency: GE_BSU
100 ## - HEADING--PERSONAL NAME
- Personal name: ჩხარტიშვილი, სანდრო
670 ## - SOURCE DATA FOUND
- Source citation: Work cat.: (GE_BSU): ჩხარტიშვილი, სანდრო, სტახანოვური მოძრაობიდან შრომისადმი კომუნისტური დამოკიდებულებისათვის მოძრაობამდე /
